000 004420000a22001690004500
041 0 _aENG
082 0 4 _aG 253.5 A2111k
100 1 _aAdams, Jay E. (Edward)
245 1 0 _aThe christian counselor's manual / Jay E. Adams
260 _a[S.L] : Presbyterian and Reformed
300 _a476 Pag
001 6408
942 _cBK
999 _c36680
_d36680
336 _atexto
_btxt
_2rdacontent
337 _2rdamedia
_asin mediación
_bn
338 _2rdacarrier
_avolumen
_bnc